Countries with highest E-Sports Earnings - Sudden Death - Statistics

General Stats
  • This quiz has been taken 34 times
  • The average score is 6 of 15
Answers on the Grid
Answers color-coded by a green-red scale on the quiz's grid according to % correct below.
Argentina
Australia
Brazil
Bulgaria
Canada
China
Denmark
Finland
France
Germany
Indonesia
Japan
Malaysia
Mexico
Netherlands
Norway
Philippines
Poland
Russia
Saudi Arabia
South Korea
Spain
Sweden
Taiwan
Thailand
Turkey
Ukraine
United Kingdom
United States
Vietnam
 
Answer Stats
Answer % Correct
United States
70%
Japan
65%
United Kingdom
65%
Canada
55%
Germany
50%
South Korea
50%
Australia
40%
China
40%
France
40%
Brazil
25%
Russia
25%
Denmark
20%
Sweden
15%
Finland
5%
Ukraine
5%
No matching quizzes found
Score Distribution
Percent of People with Each Score
Percentile by Number Answered
Your Score History
You have not taken this quiz